Správa z krátkodobej študijnej praxe PŠ v ZSSR a Japonsku v dňoch 21. 10. až 9. 11. 1972 /
Uloženo v:
| Hlavní autor: | |
|---|---|
| Médium: | Kniha |
| Jazyk: | čeština |
| Vydáno: |
Bratislava :
Vysoká škola ekonomická v Bratislave,
1973
|
| Edice: | rz1
|
| Témata: | |
| On-line přístup: |
|
| Tagy: |
Přidat tag
Žádné tagy, Buďte první, kdo vytvoří štítek k tomuto záznamu!
|
MARC
| LEADER | 00000cam a2200000 4500 | ||
|---|---|---|---|
| 003 | SK-BrCVT | ||
| 005 | 20220618080454.0 | ||
| 008 | 090817s1973 cs e ||||||cze d | ||
| 035 | |a CVTIDWR003817 | ||
| 040 | |a |b slo |c |d | ||
| 041 | 0 | |a cze | |
| 044 | |a cs | ||
| 100 | 0 | |a Körmendy, Viliam |4 aut | |
| 245 | 1 | 0 | |a Správa z krátkodobej študijnej praxe PŠ v ZSSR a Japonsku v dňoch 21. 10. až 9. 11. 1972 / |c spracovateľ: Viliam Körmendy |
| 260 | 3 | |a Bratislava : |b Vysoká škola ekonomická v Bratislave, |c 1973 | |
| 300 | |a 76 l. | ||
| 653 | 1 | |a ekonomika | |
| 830 | 0 | |a rz1 | |
| 974 | |f Knihy | ||
| 999 | |c 194132 |d 194132 | ||